[Event "Tournoi Skype 031A"]
[Site "Skype"]
[Date "????.??.??"]
[Round "5.20"]
[White "Alarcon Alarcon, Florentina"]
[Black "Herrera, Oscar"]
[Result "0-1"]
[WhiteElo "1397"]
[BlackElo "1261"]
[PlyCount "158"]

1. e4 b6 2. d4 Bb7 3. Nc3 e6 4. Nf3 Bb4 5. Qd3 Bxc3+ 6. bxc3 Nf6 7. Nd2 O-O 8.
Be2 Re8 9. O-O d6 10. Bf3 Nbd7 11. Re1 c5 12. Nf1 Rc8 13. Bg5 c4 14. Qd1 e5 15.
Ng3 h6 16. Bc1 Qc7 17. Ba3 d5 18. exd5 Nxd5 19. Bxd5 Bxd5 20. dxe5 Rxe5 21.
Rxe5 Qxe5 22. Qd4 Re8 23. Qxe5 Rxe5 24. Bd6 Re6 25. Bf4 Nf6 26. h3 Ne4 27. Nxe4
Rxe4 28. Be3 Bc6 29. Rd1 Re6 30. a3 Rg6 31. g3 Bf3 32. Rd2 a5 33. Kh2 Kh7 34.
Rd4 b5 35. Rf4 Bd5 36. Rd4 Be6 37. Rd6 Bf5 38. Rd5 Bxc2 39. Rxb5 a4 40. Rb4 Bb3
41. Rb7 Rf6 42. Kg2 Kg6 43. g4 Re6 44. Rb5 f6 45. Kg3 Bd1 46. Rd5 Bc2 47. h4
Kf7 48. Kf4 g5+ 49. Kg3 gxh4+ 50. Kxh4 Kg6 51. Rh5 Re4 52. Rxh6+ Kg7 53. Kg3
Rxe3+ 54. fxe3 Kxh6 55. Kf4 Kg6 56. e4 Bd3 57. e5 fxe5+ 58. Kxe5 Bc2 59. Kf4
Bb3 60. g5 Bc2 61. Kg4 Bf5+ 62. Kf4 Bc2 63. Kg4 Kf7 64. Kf4 Ke6 65. Kg4 Ke5 66.
Kf3 Kf5 67. Ke3 Kxg5 68. Kd4 Bb3 69. Ke3 Kf5 70. Kf3 Ke5 71. Ke3 Ba2 72. Kd2
Ke4 73. Ke2 Bb3 74. Kd2 Kf3 75. Kc1 Ke3 76. Kb2 Kd3 77. Ka1 Kxc3 78. Kb1 Kd2
79. Ka1 c3 0-1

[Event "Tournoi Skype 031A"]
[Site "Skype"]
[Date "????.??.??"]
[Round "5.21"]
[White "Morales Terreros, Jose Luis"]
[Black "Sequeda Pimiento, Javier Ricardo"]
[Result "1-0"]
[WhiteElo "1231"]
[BlackElo "1395"]
[PlyCount "129"]

1. e4 e5 2. Nf3 Nc6 3. d4 exd4 4. Bc4 Bc5 5. c3 Na5 6. Bxf7+ Kxf7 7. b4 Qe7 8.
Ng5+ Kf8 9. bxc5 h6 10. Nf3 Qxe4+ 11. Qe2 Qxe2+ 12. Kxe2 dxc3 13. Nxc3 c6 14.
Ne5 Nf6 15. Ng6+ Kg8 16. Re1 Rh7 17. Kf1 b6 18. Ba3 Ba6+ 19. Kg1 Nc4 20. Bb4
Kf7 21. Ne5+ Nxe5 22. Rxe5 Re8 23. Rxe8 Kxe8 24. Re1+ Kf7 25. Na4 Bb5 26. cxb6
Rh8 27. b7 Rb8 28. Bd6 Rxb7 29. Nc5 Rb6 30. Bc7 Nd5 31. Bxb6 Nxb6 32. Nb7 Kg6
33. Re5 Kf6 34. f4 Nc4 35. Rc5 d6 36. Rh5 d5 37. Kf2 Nd2 38. Nd6 Ba4 39. Ke2
Nb1 40. Ke3 Nc3 41. g4 Nd1+ 42. Kd4 Nf2 43. h3 Nh1 44. Rf5+ Ke6 45. Nb7 Bc2 46.
Nc5+ Ke7 47. Re5+ Kf7 48. Re6 Bb1 49. a4 Nf2 50. Rxc6 Nxh3 51. Rc7+ Ke8 52. Ke5
g5 53. fxg5 Nxg5 54. Rxa7 Ba2 55. Ne6 Nf7+ 56. Kf6 Nd6 57. Ng7+ Kd8 58. Ke5 Nc8
59. Ne6+ Ke8 60. Rc7 Ne7 61. a5 Ng6+ 62. Kf6 Nh4 63. a6 Nf3 64. a7 Bc4 65.
a8=Q# 1-0

[Event "Tournoi Skype 031A"]
[Site "Skype"]
[Date "????.??.??"]
[Round "5.22"]
[White "Escudero Ocana, Francisco"]
[Black "De Fazio, Monica"]
[Result "0-1"]
[WhiteElo "1393"]
[BlackElo "1020"]
[PlyCount "86"]

1. e4 e6 2. c4 c6 3. Nc3 d5 4. cxd5 cxd5 5. e5 Nc6 6. Nf3 Nge7 7. Bb5 Bd7 8. d4
Nf5 9. O-O Be7 10. Re1 O-O 11. a3 Qb6 12. Bxc6 bxc6 13. b4 a5 14. Na4 Qb5 15.
Nc5 Bc8 16. Bb2 axb4 17. Qb3 bxa3 18. Qxb5 cxb5 19. Rxa3 Rxa3 20. Bxa3 f6 21.
Nxe6 Bxe6 22. Bxe7 Nxe7 23. Rc1 Rc8 24. Rc5 Rxc5 25. dxc5 Nc6 26. exf6 gxf6 27.
h3 b4 28. Nd2 d4 29. f4 b3 30. g4 b2 31. Kf2 Ba2 32. f5 b1=Q 33. Nxb1 Bxb1 34.
Kf3 d3 35. Ke3 Kg7 36. h4 Ne5 37. g5 Nc4+ 38. Kd4 d2 39. c6 d1=Q+ 40. Kxc4 Bxf5
41. gxf6+ Kxf6 42. c7 Qc1+ 43. Kd5 Qxc7 0-1

[Event "Tournoi Skype 031A"]
[Site "Skype"]
[Date "????.??.??"]
[Round "5.23"]
[White "Vasquez Cienfuegos, Oscar"]
[Black "Trivedi, Viral"]
[Result "1/2-1/2"]
[WhiteElo "1389"]
[BlackElo "1202"]
[PlyCount "42"]

1. Nf3 Nf6 2. g3 d5 3. d4 g6 4. Bg2 Bg7 5. Nc3 O-O 6. O-O Be6 7. Re1 Nbd7 8.
Bf4 c6 9. Rc1 Qb6 10. Na4 Qa6 11. b3 Rac8 12. Ne5 b5 13. Nxd7 Nxd7 14. Nc3 Qb6
15. e3 h6 16. h4 Bf6 17. Bxh6 Rfd8 18. Qf3 c5 19. Ne2 Bg7 20. Bxg7 Kxg7 21. c3
Nf6 1/2-1/2

[Event "Tournoi Skype 031A"]
[Site "Skype"]
[Date "????.??.??"]
[Round "5.24"]
[White "Kumbhar, Ashok"]
[Black "Carballo, Jorge"]
[Result "1/2-1/2"]
[WhiteElo "1100"]
[BlackElo "1367"]
[PlyCount "104"]

1. d4 d5 2. Nf3 Nf6 3. Bf4 e6 4. e3 Bd6 5. Bxd6 Qxd6 6. c4 Qb4+ 7. Qd2 Qxd2+ 8.
Nbxd2 c6 9. Bd3 O-O 10. O-O dxc4 11. Nxc4 Nbd7 12. Nfe5 Nxe5 13. Nxe5 Nd7 14.
Nxd7 Bxd7 15. Rac1 Rac8 16. Rfe1 Rc7 17. e4 Rfc8 18. b4 a6 19. a4 b5 20. a5 Kf8
21. f4 g6 22. Re3 f5 23. Rh3 Kg7 24. e5 Rh8 25. Rf1 Rcc8 26. Rg3 Rcg8 27. h4
Be8 28. Rh3 Kf8 29. Be2 h5 30. Bf3 Ke7 31. Rc1 Bd7 32. Bxc6 Rc8 33. Rhc3 Rc7
34. Bxd7 Rxc3 35. Rxc3 Kxd7 36. Kf2 Rc8 37. Rc5 Rc7 38. Ke3 Rc6 39. d5 Rxc5 40.
bxc5 exd5 41. Kd4 b4 42. Kd3 Ke7 43. c6 Ke6 44. Kc2 d4 45. Kc1 Ke7 46. Kb2 Ke6
47. Kc2 Ke7 48. Kd2 b3 49. Kd3 Ke6 50. Kd2 Ke7 51. Kd3 Ke6 52. Kd2 Ke7 1/2-1/2

[Event "Tournoi Skype 031A"]
[Site "Skype"]
[Date "????.??.??"]
[Round "5.25"]
[White "Lago Carballo, Maria Del Carmen"]
[Black "Resende, Paulo"]
[Result "1/2-1/2"]
[WhiteElo "1364"]
[BlackElo "1881"]
[PlyCount "75"]

1. e4 c5 2. Nf3 a6 3. Nc3 Nc6 4. a3 d6 5. h3 Nf6 6. Bc4 b5 7. Ba2 Bb7 8. d3 g6
9. Ng5 e6 10. O-O Bg7 11. Bf4 Nd4 12. Nf3 Nd7 13. Re1 O-O 14. Bxd6 Re8 15. Bg3
Qf6 16. Nxd4 Qxd4 17. Bf4 b4 18. Be3 Qe5 19. axb4 cxb4 20. d4 Qc7 21. Ne2 Bxe4
22. Bb3 Nf6 23. Ng3 Bd5 24. Rc1 Qb7 25. Bxd5 Nxd5 26. Qf3 Rec8 27. Ne4 Qb6 28.
Ng5 Qc7 29. Ne4 a5 30. Nc5 Qa7 31. Qg3 a4 32. c4 bxc3 33. bxc3 a3 34. Bd2 Rcb8
35. Rb1 a2 36. Ra1 Rb2 37. Qd3 Bf8 38. c4 1/2-1/2

[Event "Tournoi Skype 031A"]
[Site "Skype"]
[Date "????.??.??"]
[Round "5.26"]
[White "Lucena Vaz, Jose"]
[Black "Davis, Michael"]
[Result "1-0"]
[WhiteElo "1674"]
[BlackElo "1308"]
[PlyCount "75"]

1. c4 c5 2. Nc3 Nc6 3. Nf3 Nf6 4. g3 d6 5. Bg2 e6 6. O-O Be7 7. d3 O-O 8. a3 a6
9. Rb1 d5 10. b3 d4 11. Na4 b5 12. Nb2 Bb7 13. Ne5 Qc7 14. Nxc6 Bxc6 15. e4
dxe3 16. Bxe3 Bxg2 17. Kxg2 Qb7+ 18. Qf3 Qxf3+ 19. Kxf3 Nd7 20. a4 b4 21. Nd1
Ne5+ 22. Ke2 Nc6 23. Bf4 Nd4+ 24. Ke3 Rfd8 25. f3 Rd7 26. Nf2 Rad8 27. Rfd1 Bf6
28. Ng4 Nc2+ 29. Kd2 Na3 30. Nxf6+ gxf6 31. Rbc1 Rxd3+ 32. Ke2 Rxd1 33. Rxd1
Rxd1 34. Kxd1 Nb1 35. Kc2 Nc3 36. Bd6 a5 37. Bxc5 f5 38. Bb6 1-0

[Event "Tournoi Skype 031A"]
[Site "Skype"]
[Date "????.??.??"]
[Round "5.27"]
[White "Hadla, Mohammad Ali"]
[Black "Marino, Giuseppe"]
[Result "0-1"]
[WhiteElo "1470"]
[BlackElo "1335"]
[PlyCount "144"]

1. e4 e5 2. Nf3 d6 3. d4 exd4 4. Nxd4 Nf6 5. Nc3 c6 6. Bc4 Be7 7. Bf4 Nbd7 8.
Qd2 Ne5 9. Bb3 h6 10. O-O-O Bg4 11. f3 Bd7 12. Nf5 Bxf5 13. exf5 Qd7 14. Bxe5
dxe5 15. Bxf7+ Kxf7 16. Qxd7 Nxd7 17. Rxd7 Rab8 18. g4 Rhd8 19. Rhd1 Ke8 20.
Rc7 Rxd1+ 21. Kxd1 Kd8 22. Rxe7 Kxe7 23. Ne4 b6 24. h4 Rf8 25. Ke2 h5 26. Ng3
hxg4 27. fxg4 Kf7 28. g5 Rd8 29. h5 Rd4 30. g6+ Kf6 31. Ke3 Rg4 32. Kf3 Rf4+
33. Ke3 Rg4 34. Kf3 Rxg3+ 35. Kxg3 Kxf5 36. Kf3 Kg5 37. Ke4 Kxh5 38. Kxe5 Kxg6
39. b4 Kh5 40. Kf4 Kg6 41. a4 Kf6 42. c4 Ke7 43. Ke5 g5 44. Kf5 g4 45. Kxg4 Ke6
46. Kf4 Kd6 47. Ke4 a6 48. Kd4 c5+ 49. bxc5+ bxc5+ 50. Kc3 Kc6 51. a5 Kd6 52.
Kd3 Ke5 53. Kc3 Ke4 54. Kc2 Kd4 55. Kb3 Kd3 56. Kb2 Kxc4 57. Kc2 Kb4 58. Kb2
Kxa5 59. Kc3 Kb5 60. Kb3 a5 61. Kc3 a4 62. Kb2 Kb4 63. Kc2 c4 64. Kb2 a3+ 65.
Ka2 Kc3 66. Ka1 Kd2 67. Kb1 c3 68. Ka2 c2 69. Kb3 c1=Q 70. Kb4 a2 71. Kb3 a1=Q
72. Kb4 Qab2+ 0-1

[Event "Tournoi Skype 031A"]
[Site "Skype"]
[Date "????.??.??"]
[Round "5.28"]
[White "Junqueira, Leonardo De Faria"]
[Black "Khunte, Aniruddha"]
[Result "1/2-1/2"]
[WhiteElo "1408"]
[BlackElo "1174"]
[PlyCount "60"]

1. e4 c6 2. d4 d5 3. e5 Bf5 4. h4 h6 5. g4 Bh7 6. e6 fxe6 7. Bd3 Bxd3 8. Qxd3
Nf6 9. Qg6+ Kd7 10. Nf3 Kc8 11. Ne5 Qb6 12. c3 Nbd7 13. Nxd7 Kxd7 14. f3 Rd8
15. Nd2 Kc8 16. Nb3 Qc7 17. Rg1 e5 18. Be3 exd4 19. Nxd4 Qe5 20. Qd3 e6 21.
O-O-O Qc7 22. Nxe6 Qa5 23. Nxd8 Kxd8 24. Kb1 Kc8 25. Qf5+ Nd7 26. Bf4 Bc5 27.
Rge1 Rf8 28. Qg6 Rxf4 29. Qxg7 Rxf3 30. Qg6 Qb6 1/2-1/2

[Event "Tournoi Skype 031A"]
[Site "Skype"]
[Date "????.??.??"]
[Round "5.29"]
[White "Abdulrazzaq, Mohsen"]
[Black "Thoune, Jim"]
[Result "0-1"]
[WhiteElo "1346"]
[BlackElo "1598"]
[PlyCount "90"]

1. e4 e6 2. d4 d5 3. e5 c5 4. c3 Nc6 5. Nf3 Bd7 6. Bd3 cxd4 7. cxd4 Qb6 8. Bc2
Nge7 9. Nc3 Ng6 10. Bxg6 hxg6 11. O-O Be7 12. Re1 Rc8 13. Na4 Qd8 14. Be3 b6
15. Nc3 Na5 16. Rc1 Nc4 17. Bf4 Nxb2 18. Qb3 Nd3 19. Bd2 Nxe1 20. Bxe1 a6 21.
h3 O-O 22. a4 Rc4 23. Qd1 Qc8 24. Ne2 Rxc1 25. Nxc1 Qc4 26. Qb3 Qxb3 27. Nxb3
Bxa4 28. Nc1 Rc8 29. Ne2 Bc2 30. Bd2 b5 31. Ba5 Bd3 32. Kf1 Rc2 33. Bd2 Bxe2+
34. Kxe2 Rc4 35. Kd3 b4 36. Be1 a5 37. Nd2 Rc3+ 38. Ke2 b3 39. Kd1 a4 40. Nb1
Rd3+ 41. Kc1 Rxd4 42. Kb2 Rc4 43. Bc3 d4 44. Be1 Rc2+ 45. Ka1 Ra2# 0-1

[Event "Tournoi Skype 031A"]
[Site "Skype"]
[Date "????.??.??"]
[Round "5.30"]
[White "Sharma, Mayank"]
[Black "Le Brun, Yves"]
[Result "1-0"]
[WhiteElo "1509"]
[BlackElo "1321"]
[PlyCount "59"]

1. e4 c6 2. d4 d5 3. exd5 Qxd5 4. Nc3 Qd8 5. Bc4 Bf5 6. Nf3 e6 7. Bf4 Nf6 8.
Bg5 Be7 9. Qd2 h6 10. Bf4 Ne4 11. Nxe4 Bxe4 12. Qe3 Bxc2 13. O-O Nd7 14. Rfe1
O-O 15. Rac1 Bf5 16. h3 Nb6 17. Bb3 Nd5 18. Bxd5 cxd5 19. Bc7 Qe8 20. Qb3 Be4
21. Nd2 f5 22. f3 Bg5 23. Red1 Bxd2 24. Rxd2 Bxf3 25. Qxf3 g5 26. Rdc2 Qg6 27.
Bd6 h5 28. Bxf8 Rxf8 29. Rc8 Rxc8 30. Rxc8+ 1-0

[Event "Tournoi Skype 031A"]
[Site "Skype"]
[Date "????.??.??"]
[Round "5.31"]
[White "Hague, Mark"]
[Black "Grib, Johannes"]
[Result "1-0"]
[WhiteElo "1324"]
[BlackElo "1407"]
[PlyCount "143"]

1. d4 Nf6 2. e3 e6 3. Bd3 d5 4. f4 c5 5. c3 Nc6 6. Nf3 Ne4 7. Nbd2 Nxd2 8. Bxd2
cxd4 9. exd4 Bd6 10. O-O Bd7 11. Ne5 Nxe5 12. fxe5 Be7 13. Qg4 g6 14. Rf3 Qb6
15. Raf1 Bb5 16. Bxb5+ Qxb5 17. Rxf7 Qa6 18. a3 Qb6 19. Bc1 Kd7 20. Rg7 Rhf8
21. Rxf8 Rxf8 22. Rxh7 Qa6 23. Qd1 Ke8 24. Rg7 Kd8 25. Rxg6 Qc6 26. Bg5 a5 27.
Bxe7+ Kxe7 28. g4 Qe8 29. Rg7+ Rf7 30. Rxf7+ Qxf7 31. Qf1 Qg6 32. Qe2 Qb1+ 33.
Kg2 Qe4+ 34. Qxe4 dxe4 35. Kf2 Kf7 36. Ke3 Kg6 37. Kxe4 Kg5 38. h3 Kh4 39. d5
Kxh3 40. g5 Kg4 41. g6 exd5+ 42. Kxd5 Kf5 43. g7 Kg6 44. g8=Q+ Kf5 45. e6 Kf4
46. e7 Ke3 47. e8=Q+ Kd3 48. Qg3+ Kc2 49. Qb5 Kd2 50. Qb3 Ke2 51. Kd4 Kd2 52.
Qf2+ Kc1 53. Qd1+ Kxd1 54. c4 b6 55. Qf5 Kc1 56. b4 a4 57. Kc3 Kd1 58. c5 bxc5
59. bxc5 Ke2 60. Qe5+ Kd1 61. Kd3 Kc1 62. Qc3+ Kb1 63. Qc2+ Ka1 64. Qc1+ Ka2
65. Qc4+ Kxa3 66. Qc2 Kb4 67. Qc3+ Kb5 68. c6 a3 69. c7 a2 70. c8=Q a1=Q 71.
Qb3+ Ka5 72. Qa8# 1-0

[Event "Tournoi Skype 031A"]
[Site "Skype"]
[Date "????.??.??"]
[Round "5.32"]
[White "Kruk, Clementine"]
[Black "Zenini, Simone"]
[Result "1-0"]
[WhiteElo "1324"]
[BlackElo "1392"]
[PlyCount "27"]

1. e4 e5 2. Nf3 Nc6 3. Bc4 Nf6 4. Ng5 d5 5. exd5 Nxd5 6. Nxf7 Kxf7 7. Qf3+ Ke8
8. Bxd5 Qd7 9. Nc3 Bc5 10. O-O Bd4 11. Ne2 Rf8 12. Bxc6 Qxc6 13. Nxd4 exd4 14.
Re1+ 1-0

[Event "Tournoi Skype 031A"]
[Site "Skype"]
[Date "????.??.??"]
[Round "5.34"]
[White "Galani, Mahendra"]
[Black "Bendre, Pankaj"]
[Result "1/2-1/2"]
[WhiteElo "1375"]
[BlackElo "1182"]
[PlyCount "31"]

1. e4 e6 2. Ne2 d5 3. Nbc3 d4 4. Nb1 c5 5. Ng3 a6 6. d3 Nc6 7. c3 Qa5 8. Be2
Nf6 9. O-O Be7 10. Bd2 Qb6 11. Qc2 O-O 12. a3 Bd6 13. Bg5 Ne8 14. Bf3 e5 15.
Re1 Be6 16. c4 1/2-1/2

[Event "Tournoi Skype 031A"]
[Site "Skype"]
[Date "????.??.??"]
[Round "5.35"]
[White "Pasasin, Alejandro"]
[Black "Gharbi, Said"]
[Result "1-0"]
[WhiteElo "1298"]
[BlackElo "1252"]
[PlyCount "35"]

1. d4 e5 2. e3 Nf6 3. c3 Bd6 4. Nd2 c5 5. Ngf3 h6 6. dxe5 Be7 7. exf6 Bxf6 8.
Be2 O-O 9. O-O d6 10. Ne4 Be7 11. Bc4 Bf5 12. Ng3 Bg6 13. Bd5 Qd7 14. e4 Na6
15. e5 Rac8 16. Re1 Rce8 17. e6 fxe6 18. Bxe6+ 1-0

[Event "Tournoi Skype 031A"]
[Site "Skype"]
[Date "????.??.??"]
[Round "5.36"]
[White "Sauvaget, Joel"]
[Black "Lopes, Marcia Maria"]
[Result "0-1"]
[WhiteElo "1255"]
[BlackElo "1297"]
[PlyCount "72"]

1. e4 c5 2. d3 d6 3. Nf3 Nf6 4. Be2 e5 5. Nc3 Be6 6. Bd2 Be7 7. O-O O-O 8. a3
Nc6 9. Re1 a6 10. h3 Nd4 11. Nxd4 cxd4 12. Nb1 Qb6 13. Bc1 Rfc8 14. Nd2 Qc7 15.
Nf3 Qxc2 16. Qxc2 Rxc2 17. b4 h6 18. Bd2 b5 19. Rec1 Rac8 20. Rxc2 Rxc2 21. Bd1
Rc8 22. Rc1 Rxc1 23. Bxc1 Nd7 24. Nd2 Bg5 25. Kh2 d5 26. f3 dxe4 27. fxe4 Nb6
28. g3 Be3 29. Kg2 Na4 30. Bxa4 bxa4 31. Kf3 Bxh3 32. g4 Bxd2 33. Bxd2 Bf1 34.
Kg3 Bxd3 35. Kf3 Kf8 36. Kf2 Bxe4 0-1

[Event "Tournoi Skype 031A"]
[Site "Skype"]
[Date "????.??.??"]
[Round "6.1"]
[White "Vasquez, Georges"]
[Black "Rico Hernandez, Edgar"]
[Result "1-0"]
[WhiteElo "1796"]
[BlackElo "1701"]
[PlyCount "127"]

1. d4 d5 2. Bf4 Nf6 3. e3 c5 4. dxc5 Qa5+ 5. Nc3 Qxc5 6. Nb5 Na6 7. c3 Bd7 8.
a4 e6 9. Nf3 Be7 10. Ne5 O-O 11. Bd3 Rfc8 12. O-O Be8 13. Qe2 Nb8 14. a5 Bxb5
15. Bxb5 a6 16. Bd3 Nbd7 17. Rfc1 Nxe5 18. Bxe5 Nd7 19. b4 Qa7 20. Bd4 Qb8 21.
e4 dxe4 22. Qxe4 g6 23. Qe3 Nf6 24. h3 Nd5 25. Qf3 Qc7 26. Be4 Qc4 27. Qd3 Qxd3
28. Bxd3 Bg5 29. Rc2 Bf4 30. g3 Bd6 31. Be4 Rab8 32. Rd1 Kf8 33. Bxd5 exd5 34.
Rcd2 Ke7 35. Ba7 Ra8 36. Rxd5 Bxb4 37. cxb4 Rxa7 38. Re1+ Kf8 39. Rd7 Rc4 40.
Ree7 Rxb4 41. Rxf7+ Ke8 42. Rxh7 Rc4 43. Rdg7 Kf8 44. Rxg6 Rc5 45. Rb6 Rxa5 46.
Rbxb7 Rxb7 47. Rxb7 Ra1+ 48. Kg2 a5 49. Ra7 a4 50. h4 a3 51. h5 Kg8 52. g4 a2
53. Kf3 Kh8 54. Kf4 Rb1 55. Rxa2 Rb4+ 56. Kg5 Rb5+ 57. Kh4 Kg7 58. Ra6 Rb1 59.
f4 Rb4 60. Kg5 Rb5+ 61. f5 Rb7 62. h6+ Kh7 63. Kh5 Rf7 64. Rb6 1-0

[Event "Tournoi Skype 031A"]
[Site "Skype"]
[Date "????.??.??"]
[Round "6.2"]
[White "Elias, Roberto"]
[Black "Lopez, Jose Luis"]
[Result "0-1"]
[WhiteElo "1671"]
[BlackElo "1651"]
[PlyCount "82"]

1. Nf3 Nf6 2. b4 d5 3. Bb2 e6 4. a3 c5 5. bxc5 Bxc5 6. e3 Nc6 7. d4 Bd6 8. Nbd2
Qe7 9. c4 O-O 10. cxd5 exd5 11. Bd3 Bg4 12. h3 Bh5 13. O-O Ne4 14. Qb3 Nxd2 15.
Nxd2 Rfd8 16. Kh1 Bg6 17. Bxg6 hxg6 18. Nf3 Rac8 19. Rab1 b6 20. Qxd5 Bxa3 21.
Qg5 Qxg5 22. Nxg5 Be7 23. Ne4 b5 24. Rfc1 Nb4 25. Rxc8 Rxc8 26. Nc3 Nd3 27. Nd5
Bd6 28. f3 Nxb2 29. e4 Rc2 30. e5 Ba3 31. Ne3 Rc3 32. Nd5 Rd3 33. Nc7 b4 34. d5
Rd1+ 35. Rxd1 Nxd1 36. d6 b3 37. d7 Be7 38. Nb5 b2 39. Na3 Nc3 40. Kh2 b1=Q 41.
Nxb1 Nxb1 0-1

[Event "Tournoi Skype 031A"]
[Site "Skype"]
[Date "????.??.??"]
[Round "6.4"]
[White "Calcino, Luis"]
[Black "Garcia Andrinal, Antonio"]
[Result "1-0"]
[WhiteElo "1680"]
[BlackElo "1632"]
[PlyCount "79"]

1. c4 e5 2. Nf3 Nc6 3. d3 Nf6 4. g3 d5 5. cxd5 Nxd5 6. Bg2 Be7 7. O-O Be6 8.
Nc3 Nb6 9. b3 O-O 10. Bb2 f5 11. e3 Bf6 12. Qe2 Qd7 13. Rfd1 Qf7 14. Nd2 Rad8
15. Nc4 Nd5 16. Rac1 Nde7 17. Ba3 Rfe8 18. b4 a6 19. Qc2 e4 20. Na5 Ne5 21.
dxe4 Rxd1+ 22. Rxd1 Nc4 23. Nxc4 Bxc4 24. exf5 Bxc3 25. Qxc3 Bxa2 26. e4 Bc4
27. Rd7 b5 28. Rxc7 Rd8 29. Bf3 Rd3 30. Qe5 Rxa3 31. Rd7 Nc6 32. Qd6 Ra1+ 33.
Bd1 Qf6 34. Qc7 h6 35. Kg2 Rxd1 36. Rxd1 Ne5 37. Rd6 Qf7 38. Rd8+ Kh7 39. Qxe5
Be2 40. Qe8 1-0

[Event "Tournoi Skype 031A"]
[Site "Skype"]
[Date "????.??.??"]
[Round "6.5"]
[White "Thavorath, Nirandas"]
[Black "Khabou, Taha"]
[Result "1-0"]
[WhiteElo "1335"]
[BlackElo "1358"]
[PlyCount "35"]

1. e4 e6 2. Nf3 d5 3. exd5 exd5 4. d4 Bf5 5. Nc3 Nf6 6. Bf4 Bd6 7. Bxd6 Qxd6 8.
Nb5 Qd7 9. Ne5 Qd8 10. Qe2 Be6 11. Nc3 O-O 12. Qf3 c6 13. Bd3 Nbd7 14. O-O-O
Nxe5 15. dxe5 Nd7 16. Qg3 h6 17. f4 b5 18. f5 1-0

[Event "Tournoi Skype 031A"]
[Site "Skype"]
[Date "????.??.??"]
[Round "6.6"]
[White "Grosso, Raul"]
[Black "Chavero, Victor"]
[Result "1-0"]
[WhiteElo "1746"]
[BlackElo "1281"]
[PlyCount "73"]

1. Nf3 d5 2. d4 Nf6 3. e3 Bf5 4. Nc3 c6 5. h3 h6 6. Bd3 Bxd3 7. cxd3 e6 8. O-O
Be7 9. e4 O-O 10. Be3 Qb6 11. Qc2 Na6 12. a3 Nc7 13. b4 Nb5 14. Na4 Qc7 15.
Rfc1 Rfc8 16. Nc5 a6 17. a4 Na7 18. e5 Ne8 19. Nd2 Kh7 20. Qc3 g6 21. f4 Ng7
22. Nf3 Nf5 23. Bf2 Rg8 24. g4 Ng7 25. Kg2 h5 26. Qd2 Raf8 27. Bh4 hxg4 28.
hxg4 Bxh4 29. Rh1 Nh5 30. Rxh4 Kg7 31. gxh5 Rh8 32. Rah1 Qe7 33. h6+ Kg8 34.
Ng5 Nc8 35. R4h3 f5 36. h7+ Rxh7 37. Rxh7 1-0

[Event "Tournoi Skype 031A"]
[Site "Skype"]
[Date "????.??.??"]
[Round "6.7"]
[White "Lovell, Stan"]
[Black "Lambert, Pierre"]
[Result "0-1"]
[WhiteElo "1518"]
[BlackElo "1660"]
[PlyCount "84"]

1. d4 d5 2. Nc3 Nf6 3. Bf4 a6 4. e3 Bf5 5. Bd3 Bxd3 6. Qxd3 Nc6 7. Nf3 e6 8.
O-O Bd6 9. Bxd6 cxd6 10. Rad1 Qb6 11. Rb1 Nb4 12. Qe2 Rc8 13. a3 Nc6 14. Rfd1
Ne7 15. e4 dxe4 16. Nxe4 Nxe4 17. Qxe4 Qc6 18. Qxc6+ bxc6 19. c4 Rb8 20. b4 h6
21. a4 O-O 22. Rb3 Ng6 23. g3 Rfe8 24. Re1 Kf8 25. b5 cxb5 26. axb5 axb5 27.
Rxb5 Rxb5 28. cxb5 Rb8 29. Rb1 Rb6 30. Nd2 d5 31. Rb2 Ne7 32. f4 Nf5 33. Nf3 f6
34. Kf2 Nd6 35. Ke2 Rxb5 36. Ra2 g5 37. Ra8+ Kg7 38. Ra7+ Rb7 39. Ra6 Rb2+ 40.
Kd3 Rb3+ 41. Ke2 Nf5 42. Rxe6 Rxf3 0-1

[Event "Tournoi Skype 031A"]
[Site "Skype"]
[Date "????.??.??"]
[Round "6.8"]
[White "Gungor, Gokhan"]
[Black "Calderon, Francisco"]
[Result "1-0"]
[WhiteElo "1550"]
[BlackElo "1604"]
[PlyCount "113"]

1. e4 c6 2. d4 e6 3. Nc3 d5 4. e5 Bb4 5. Nf3 Ne7 6. Bd3 c5 7. Be3 cxd4 8. Bxd4
O-O 9. O-O Nbc6 10. Ne2 Nxd4 11. Nexd4 Bd7 12. c3 Bc5 13. Bc2 a6 14. Re1 Rc8
15. Qd3 g6 16. Nd2 Bxd4 17. Qxd4 Nc6 18. Qf4 f5 19. Nf3 Kg7 20. Rad1 h6 21. Rd3
g5 22. Qd2 b5 23. Nd4 Na5 24. b3 Qc7 25. Rg3 Nc6 26. Nf3 Qd8 27. h4 g4 28. Qd3
Kh8 29. Rxg4 Qe7 30. Rg6 Kh7 31. h5 Be8 32. Rg3 Bxh5 33. Rh3 Bg4 34. Rh2 Rg8
35. Qe3 Qg7 36. Nh4 Ne7 37. Nf3 Rcf8 38. Nd4 Qg6 39. g3 Rg7 40. Kg2 Rfg8 41.
Reh1 h5 42. f3 Bxf3+ 43. Qxf3 Qxg3+ 44. Qxg3 Rxg3+ 45. Kf2 Rxc3 46. Rxh5+ Kg6
47. Bd1 Kf7 48. Rh7+ Ke8 49. Nxe6 Kd7 50. Nd4 Rd3 51. Nxf5 Rf8 52. Rxe7+ Kd8
53. Ke2 Rc3 54. Ra7 Rc6 55. Nd4 Rg6 56. Ra8+ Ke7 57. Rh7+ 1-0

[Event "Tournoi Skype 031A"]
[Site "Skype"]
[Date "????.??.??"]
[Round "6.9"]
[White "Quispe, Alberto"]
[Black "Segura Lozano, Marcos Antonio"]
[Result "0-1"]
[WhiteElo "1414"]
[BlackElo "1804"]
[PlyCount "49"]

1. e4 c5 2. Nf3 d6 3. h3 Nf6 4. Bc4 Nxe4 5. d3 Nf6 6. O-O e6 7. Re1 d5 8. Bb5+
Nc6 9. Bg5 Be7 10. Ne5 Qc7 11. c3 O-O 12. Nxc6 bxc6 13. Ba4 h6 14. Bxf6 Bxf6
15. Nd2 Rd8 16. Nf3 e5 17. Qe2 Re8 18. Nd2 Bf5 19. Bc2 Re6 20. Qf3 Bg6 21. Qg3
Rae8 22. Re2 Qe7 23. Rae1 Bh4 24. Qh2 c4 25. Nf3 0-1

[Event "Tournoi Skype 031A"]
[Site "Skype"]
[Date "????.??.??"]
[Round "6.11"]
[White "Munoz Gonzalez, Martin"]
[Black "Sanchez Ruiz, Justo"]
[Result "1/2-1/2"]
[WhiteElo "1365"]
[BlackElo "1519"]
[PlyCount "81"]

1. e4 d5 2. exd5 Qxd5 3. Ne2 Nf6 4. Nbc3 Qd6 5. Nb5 Qd8 6. d4 a6 7. Nbc3 e6 8.
a3 b5 9. b4 Bb7 10. Ng3 Bd6 11. Nge2 O-O 12. Bg5 Nbd7 13. Nc1 Re8 14. f3 Be7
15. Be3 Nd5 16. Nxd5 exd5 17. Kf2 Bd6 18. Bd3 Nf6 19. Bg5 h6 20. Bd2 Bc8 21.
Nb3 c6 22. c3 Bc7 23. Qg1 a5 24. g4 axb4 25. axb4 Rxa1 26. Nxa1 Nh7 27. h4 f6
28. f4 Rf8 29. Bxh7+ Kxh7 30. Qb1+ f5 31. Qd3 Kg8 32. g5 h5 33. Nc2 g6 34. Qf3
Re8 35. Re1 Bd6 36. Rxe8+ Qxe8 37. Qe3 Be6 38. Ne1 Qd7 39. Nd3 Bf7 40. Ne5 Bxe5
41. Qxe5 1/2-1/2

[Event "Tournoi Skype 031A"]
[Site "Skype"]
[Date "????.??.??"]
[Round "6.12"]
[White "Ram, Madhukesh"]
[Black "Saponara, Jose Maria"]
[Result "0-1"]
[WhiteElo "1299"]
[BlackElo "1516"]
[PlyCount "82"]

1. e4 c5 2. Nf3 e6 3. d4 cxd4 4. Nxd4 a6 5. Nc3 Bc5 6. Be3 Qc7 7. Be2 Nf6 8.
Qd2 b5 9. Bf3 Bb7 10. Bg5 Be7 11. O-O b4 12. Bxf6 bxc3 13. bxc3 Bxf6 14. e5 Be7
15. Rab1 Bxf3 16. Nxf3 Nc6 17. Rb3 O-O 18. Rfb1 Rfb8 19. Rd1 Rd8 20. Qe2 Na5
21. Rbb1 Qxc3 22. Rd3 Qc5 23. Qd2 d5 24. Rc3 Nc4 25. Qf4 Qa5 26. Rcb3 Rd7 27.
a4 h6 28. Rb7 Rxb7 29. Rxb7 Qd8 30. Nd4 Rb8 31. Rxb8 Qxb8 32. h4 Qb7 33. Qg4
Nxe5 34. Qe2 Bf6 35. c3 Qc8 36. f4 Nc4 37. g4 Bxd4+ 38. cxd4 Qb8 39. Qe1 Qb2
40. g5 Qxd4+ 41. Kh1 Qe4+ 0-1

[Event "Tournoi Skype 031A"]
[Site "Skype"]
[Date "????.??.??"]
[Round "6.13"]
[White "Alvarez, Juan Evangelista"]
[Black "Morales Terreros, Jose Luis"]
[Result "1-0"]
[WhiteElo "1474"]
[BlackElo "1231"]
[PlyCount "61"]

1. d4 Nf6 2. f4 d6 3. Nf3 Nbd7 4. e3 g6 5. Bd3 Bg7 6. O-O O-O 7. e4 e5 8. fxe5
dxe5 9. dxe5 Ng4 10. Bg5 f6 11. Bc4+ Kh8 12. exf6 Bxf6 13. Bxf6+ Rxf6 14. Qd4
c5 15. Qc3 Nb6 16. Nbd2 Nxc4 17. Nxc4 b5 18. Rad1 Qe7 19. Ne3 Nxe3 20. Qxe3 Bg4
21. Rd5 Raf8 22. Rxc5 Bxf3 23. gxf3 b4 24. Qd4 Kg8 25. Qxb4 Rxf3 26. Rxf3 Rd8
27. Qc4+ Kh8 28. Rf7 Rd1+ 29. Kg2 Rd2+ 30. Kf3 Rxc2 31. Qd4+ 1-0

[Event "Tournoi Skype 031A"]
[Site "Skype"]
[Date "????.??.??"]
[Round "6.14"]
[White "Karia, Vijay"]
[Black "De Fazio, Monica"]
[Result "1-0"]
[WhiteElo "1447"]
[BlackElo "1020"]
[PlyCount "43"]

1. e4 e6 2. d4 d5 3. Bd3 Nc6 4. Nf3 e5 5. dxe5 Bg4 6. h3 Bxf3 7. Qxf3 Nxe5 8.
Qg3 Nxd3+ 9. Qxd3 Nf6 10. Qb5+ c6 11. Qxb7 Rc8 12. Qxa7 Nxe4 13. Be3 Qe7 14.
Qa6 Qb4+ 15. Nd2 Qxb2 16. Qxc8+ Ke7 17. O-O d4 18. Qc7+ Ke8 19. Qxc6+ Kd8 20.
Nxe4 dxe3 21. Rfd1+ Ke7 22. Qd7# 1-0